EFFECTS OF COMPUTERIZED HUMAN RESOURCE INFORMATION SYSTEMS ON ORGANISATIONAL EFFICIENCY (Record no. 215984)

MARC details
000 -LEADER
fixed length control field 00489nam a22001457a 4500
008 - FIXED-LENGTH DATA ELEMENTS--GENERAL INFORMATION
fixed length control field 250730b |||||||| |||| 00| 0 eng d
050 ## - LIBRARY OF CONGRESS CALL NUMBER
Classification number THE HF 5549. M67 2015
Item number C.1
100 ## - MAIN ENTRY--PERSONAL NAME
Personal name MOSIOMA, CHRISANTUS O.
245 ## - TITLE STATEMENT
Title EFFECTS OF COMPUTERIZED HUMAN RESOURCE INFORMATION SYSTEMS ON ORGANISATIONAL EFFICIENCY
Remainder of title A CASE STUDY OF KISII BOLLERS LIMITED
260 ## - PUBLICATION, DISTRIBUTION, ETC.
Place of publication, distribution, etc. KISII
Name of publisher, distributor, etc. KSU
Date of publication, distribution, etc. 2015
300 ## - PHYSICAL DESCRIPTION
Extent IX, 23P., ILL:
500 ## - GENERAL NOTE
General note INCLUDES REFERENCES
942 ## - ADDED ENTRY ELEMENTS (KOHA)
Source of classification or shelving scheme Library of Congress Classification
Koha item type Reference
Holdings
Withdrawn status Lost status Source of classification or shelving scheme Damaged status Not for loan Collection Home library Current library Shelving location Date acquired Inventory number Total checkouts Full call number Barcode Date last seen Copy number Price effective from Koha item type
    Library of Congress Classification   Not for loan Special Research Kisii University Library Kisii University Library On Display 07/30/2025 84793   THE HF 5549. M67 2015 000000020977 07/30/2025 C.1 07/30/2025 Reference